[Event "Challenge"]
[Site "http://www.queenalice.com/game.php?id=592103"]
[Date "2009.5.22"]
[Round "-"]
[White "alfonso"]
[Black "Bacabal"]
[Result "0-1"]
[WhiteElo "1437"]
[BlackElo "1500"]

1. e4 e5 2. Bc4 Nf6 3. Nf3 d6 4. Ng5 Be6 5. Bb5+ Nbd7 6. Qe2 Qe7 7. Nc3 h6 8.
Nf3 Bg4 9. Qe3 c6 10. Bc4 b5 11. Bb3 Nc5 12. h3 Bxf3 13. gxf3 Nxb3 14. axb3 Nh5
15. Ra6 Qb7 16. Ra3 Nf4 17. Rh2 Be7 18. h4 b4 19. Ra4 bxc3 20. bxc3 O-O 21. Rb4
Qd7 22. d4 d5 23. dxe5 Bxb4 24. cxb4 Ng6 25. exd5 Qxd5 26. c4 Qxe5 27. h5 Qxh2
28. Kd2 Rfd8+ 29. Kc2 Re8 30. Qc5 Nf4 31. Bb2 Ne6 32. Qe3 Qxh5 33. Qc3 Rad8 34.
b5 cxb5 35. Kb1 bxc4 36. bxc4 Qf5+ 37. Ka1 Nd4 38. c5 f6 39. c6 Nb5 40. Qc4+ Kh8
41. c7 Rc8 42. Qf7 Nxc7 43. Qc4 Nb5 44. Qf1 a6 45. f4 Qxf4 46. Qxb5 axb5 47. Ba3
Qa4 48. Ka2 b4 49. f4 Qxa3+ 50. Kb1 Rc1# 0-1

[Event "Let's Play Chess!"]
[Site "http://www.queenalice.com/game.php?id=592936"]
[Date "2009.5.24"]
[Round "-"]
[White "Bacabal"]
[Black "dida"]
[Result "1-0"]
[WhiteElo "1798"]
[BlackElo "1525"]

1. d4 d5 2. Bf4 h6 3. Nc3 a6 4. Nf3 g5 5. Be5 Nf6 6. h3 Bg7 7. e3 Nc6 8. a3 Nxe5
9. dxe5 Nh5 10. Qd4 Bf5 11. g4 Bxc2 12. gxh5 e6 13. Bg2 Qd7 14. O-O c6 15. Rac1
Bf5 16. Na4 Rc8 17. Nb6 Qc7 18. Nxc8 Qxc8 19. b4 Ke7 20. Qc5+ Ke8 21. Nd4 Bd3
22. Rfd1 Bxe5 23. Rxd3 Bxd4 24. Qxd4 Rf8 25. Qg7 Qd7 26. Qxh6 Qe7 27. Qg7 Kd7
28. Qd4 f6 29. e4 e5 30. Qb6 Qd6 31. Qxb7+ Ke6 32. exd5+ cxd5 33. Rc6 Qxc6 34.
Qxc6+ Kf5 35. Qd7+ Kf4 36. Qg4# 1-0

[Event "Challenge"]
[Site "http://www.queenalice.com/game.php?id=600804"]
[Date "2009.6.9"]
[Round "-"]
[White "Losme"]
[Black "Bacabal"]
[Result "0-1"]
[WhiteElo "1519"]
[BlackElo "1855"]

1. e4 e5 2. Nf3 Qf6 3. d4 exd4 4. Nxd4 a6 5. Nc3 Bb4 6. Bc4 Bxc3+ 7. bxc3 d6 8.
O-O Ne7 9. a3 O-O 10. Rb1 c5 11. Ne2 Nd7 12. Bb2 b5 13. Bd5 Rb8 14. c4 Qg5 15.
Ng3 Nxd5 16. cxd5 f6 17. Bc1 Qg6 18. Nf5 Re8 19. Ng3 Ne5 20. c3 Bg4 21. Qe1 Nd3
22. Qe3 c4 23. Bd2 h5 24. h4 Nc5 25. Rfe1 Nd3 26. Rf1 Bd7 27. f4 Qg4 28. Ne2 f5
29. Qf3 Qxh4 30. Qg3 Qf6 31. Qg5 Qf7 32. Ng3 fxe4 33. Qxh5 Qxh5 34. Nxh5 e3 35.
Nf6+ gxf6 36. f5 exd2 37. Rfd1 Bxf5 38. Rxd2 Re1+ 39. Rxe1 Nxe1 40. Rd1 Re8 41.
Kf2 Nd3+ 42. Kf3 Ne5+ 43. Kf4 Bc2 44. Rd2 Nd3+ 45. Kf5 Ne1+ 46. Kxf6 Bd3 47. g4
Nf3 48. Rf2 Ne5 49. Rg2 Be4 50. Rg3 Bxd5 51. g5 Nd7+ 52. Kf5 Kg7 53. g6 Be4+ 0-1

[Event "Challenge"]
[Site "http://www.queenalice.com/game.php?id=601375"]
[Date "2009.6.10"]
[Round "-"]
[White "Wilson"]
[Black "Bacabal"]
[Result "0-1"]
[WhiteElo "1599"]
[BlackElo "1824"]

1. d4 d5 2. c4 Be6 3. c5 g6 4. e3 Bg7 5. Nf3 Nh6 6. Bd3 Nc6 7. O-O Qd7 8. Qb3
O-O 9. Bd2 Bg4 10. Be2 b6 11. h3 Bxh3 12. Nc3 Be6 13. Ng5 Bf5 14. Nxd5 e6 15.
Nf4 Qe7 16. Nf3 Be4 17. Bc3 bxc5 18. dxc5 Rab8 19. Qc4 Bd5 20. Nxd5 exd5 21.
Qxd5 Bxc3 22. bxc3 Nd8 23. Bc4 c6 24. Qd4 Nf5 25. Qf4 Ne6 26. Qg4 Nxc5 27. Ng5
Ne6 28. Nxe6 fxe6 29. e4 Ng7 30. a4 Rbe8 31. Kh2 Nh5 32. Rab1 Rf4 33. Bxe6+ Qxe6
34. Qe2 Rh4+ 35. Kg1 Nf4 36. Qf3 Rf8 37. Rbc1 Nh3+ 38. gxh3 Rxf3 39. Kg2 Rfxh3
40. f3 Qa2+ 41. Rf2 Rh2+ 0-1

[Event "GOTA DOURADA III"]
[Site "http://www.queenalice.com/game.php?id=602573"]
[Date "2009.6.13"]
[Round "-"]
[White "perucona"]
[Black "Bacabal"]
[Result "0-1"]
[WhiteElo "1545"]
[BlackElo "1783"]

1. e4 e5 2. d4 exd4 3. Qxd4 Nc6 4. Qd5 Nf6 5. Qd3 Nb4 6. Qe2 Bc5 7. c3 Nc6 8. e5
O-O 9. exf6 Re8 10. Qxe8+ Qxe8+ 11. Ne2 d5 12. Be3 Bxe3 13. fxe3 Qxe3 14. Na3 d4
15. c4 d3 16. Rd1 dxe2 17. Bxe2 Bg4 18. Rd2 Bxe2 19. Rxe2 Qc1+ 20. Kf2 Qxh1 21.
Re1 Qxh2 22. Nc2 Qh4+ 23. Kf1 Qxf6+ 24. Ke2 Qxb2 25. Kd3 Rd8+ 26. Ke3 Qxc2 27.
Re2 Re8+ 28. Kf3 Qxe2+ 29. Kg3 Re3+ 30. Kh4 Ne5 31. g4 Qxg4# 0-1

[Event "Challenge"]
[Site "http://www.queenalice.com/game.php?id=606000"]
[Date "2009.6.19"]
[Round "-"]
[White "P_E_D_R_O"]
[Black "Bacabal"]
[Result "0-1"]
[WhiteElo "1613"]
[BlackElo "1669"]

1. e4 d5 2. d3 d4 3. Nf3 Nc6 4. Be2 e5 5. Bd2 Nf6 6. c3 Be7 7. O-O O-O 8. Qb3
Na5 9. Qa4 c5 10. c4 Bd7 11. Qc2 b6 12. Nxe5 Nc6 13. Bf4 Nxe5 14. Bxe5 Re8 15.
Bxf6 Bxf6 16. f4 Bc6 17. e5 Bh4 18. Bf3 Bxf3 19. Rxf3 f6 20. e6 Rxe6 21. Rh3 f5
22. Nd2 Re3 23. Rxe3 dxe3 24. Nf3 Bf6 25. Re1 Bd4 26. Nxd4 Qxd4 27. Qe2 Re8 28.
g3 Re6 29. a3 Rg6 30. Kf1 Re6 31. Rb1 Qd6 32. b4 Qc6 33. b5 Qh1# 0-1

[Event "Challenge"]
[Site "http://www.queenalice.com/game.php?id=606001"]
[Date "2009.6.19"]
[Round "-"]
[White "Bacabal"]
[Black "P_E_D_R_O"]
[Result "1-0"]
[WhiteElo "1846"]
[BlackElo "1549"]

1. e4 e5 2. Nf3 d6 3. Bc4 h6 4. O-O Ne7 5. Nc3 Nec6 6. d4 exd4 7. Nxd4 Nxd4 8.
Qxd4 c5 9. Qd3 Qf6 10. Nd5 Qd8 11. e5 dxe5 12. Qe4 Nc6 13. Bb5 Bd7 14. Bxc6 Bxc6
15. Qxe5+ Kd7 16. Nc3 Kc8 17. Rd1 Qe7 18. Qxe7 Bxe7 19. Be3 Kc7 20. a3 Rae8 21.
b4 Bf6 22. Bd2 Re7 23. b5 Be4 24. f3 Bxc2 25. Rdc1 Bb3 26. Rab1 Bc4 27. Na4 b6
28. Rxc4 Re2 29. Bf4+ Kb7 30. Nc3 Rc2 31. Rc1 Rb2 32. a4 Rd8 33. Ne4 Bd4+ 34.
Kf1 f5 35. Nd6+ Ka8 36. Nxf5 Rf2+ 37. Ke1 Re8+ 38. Kd1 Rf1+ 39. Kc2 Re2+ 40. Kd3
Rxc1 41. Rxc1 Rxg2 42. Nxd4 cxd4 43. Kxd4 g5 44. Bg3 Rd2+ 45. Kc3 Rd8 46. Kb4
Rd4+ 47. Rc4 Rd3 48. f4 gxf4 49. Bxf4 h5 50. Bg3 a5+ 51. bxa6 Ka7 52. Kb5 Rb3+
53. Rb4 Rxb4+ 54. Kxb4 Kxa6 55. Bf4 h4 56. h3 Ka7 57. Bg5 Kb7 58. Bxh4 Ka6 59.
Bd8 Kb7 60. Kb5 Ka7 61. Bxb6+ Kb7 62. h4 Kc8 63. h5 Kd7 64. h6 Ke7 65. h7 Kf7
66. h8=Q Kg6 67. Qf8 Kh7 68. a5 Kg6 69. a6 Kg5 70. a7 Kg6 71. Kc6 Kg5 72. a8=Q
Kg4 73. Qac8+ Kg3 74. Qf2# 1-0

[Event "Challenge"]
[Site "http://www.queenalice.com/game.php?id=610094"]
[Date "2009.6.28"]
[Round "-"]
[White "paloberto"]
[Black "Bacabal"]
[Result "1-0"]
[WhiteElo "1806"]
[BlackElo "1854"]

1. e4 e5 2. Nf3 Qf6 3. d4 exd4 4. Nxd4 Bc5 5. c3 Nc6 6. Be3 Nxd4 7. cxd4 Bb4+ 8.
Nc3 Ne7 9. Bc4 d6 10. O-O Bxc3 11. bxc3 O-O 12. h3 Qg6 13. Qf3 a6 14. d5 f5 15.
e5 1-0

[Event "Challenge"]
[Site "http://www.queenalice.com/game.php?id=610096"]
[Date "2009.6.28"]
[Round "-"]
[White "Bacabal"]
[Black "paloberto"]
[Result "0-1"]
[WhiteElo "1932"]
[BlackElo "1784"]

1. d4 Nf6 2. d5 e6 3. dxe6 fxe6 4. e3 d5 5. Bd3 Nc6 6. a3 Bc5 7. Nf3 O-O 8. b4
Bb6 9. b5 Na5 10. Bd2 c6 11. bxc6 bxc6 12. O-O Re8 13. Ne5 d4 14. e4 Bc7 0-1

[Event "Challenge"]
[Site "http://www.queenalice.com/game.php?id=624599"]
[Date "2009.7.25"]
[Round "-"]
[White "piemme"]
[Black "Bacabal"]
[Result "0-1"]
[WhiteElo "1756"]
[BlackElo "1812"]

1. d4 d5 2. Nc3 Bf5 3. g3 Nc6 4. e3 Nb4 5. Bd3 Bxd3 6. cxd3 e6 7. a3 Na6 8. Nf3
Qe7 9. b4 c6 10. O-O Nh6 11. e4 O-O-O 12. Ne5 f6 13. Nf3 dxe4 14. dxe4 e5 15.
Be3 Ng4 16. dxe5 Rxd1 17. Nxd1 Nxe3 18. Nxe3 fxe5 19. Rad1 Qf6 20. Nf5 g6 21.
Ne3 Qxf3 22. Ng2 h5 23. Rfe1 Be7 24. Re3 Qxd1+ 0-1

[Event "Challenge"]
[Site "http://www.queenalice.com/game.php?id=634167"]
[Date "2009.8.10"]
[Round "-"]
[White "Ekensberg"]
[Black "Bacabal"]
[Result "1-0"]
[WhiteElo "2016"]
[BlackElo "1890"]

1. e4 e5 2. Nf3 d6 3. d4 exd4 4. Nxd4 Nh6 5. Bxh6 gxh6 6. Bc4 Bg7 7. O-O c5 8.
Nb5 O-O 9. c3 a6 10. Nxd6 Nd7 11. Nf5 Ne5 12. Be2 c4 13. Nxg7 Kxg7 14. Nd2 b5
15. Nf3 Qf6 16. Qd5 Nxf3+ 17. Bxf3 Be6 18. Qd4 Qxd4 19. cxd4 Rad8 20. Rfd1 Kg6
21. a3 h5 22. h3 h4 23. Bg4 Bxg4 24. hxg4 Kg5 25. f3 h5 26. gxh5 Kxh5 27. d5 Kg5
28. Rd2 Kf4 29. Kf2 f5 30. Rh1 Rh8 31. Re1 Rhe8 32. Rh1 Rh8 33. Re1 Rhe8 34. e5
Rxe5 35. Rd4+ Re4 36. fxe4 fxe4 37. Rexe4+ Kf5 38. d6 Rxd6 39. Rxd6 Kxe4 40.
Rxa6 Kd4 41. Ke2 Kc5 42. Ke3 b4 43. Ra5+ Kb6 44. axb4 Kb7 45. Kd4 Kc6 46. Kxc4
Kd6 47. b3 Ke6 48. Kd4 Kf6 49. Ke4 Ke6 50. Ra6+ Kf7 51. Ke5 Kg7 52. Kf5 Kh7 53.
Kg5 Kg8 54. Kf6 Kh7 55. Kg5 Kg7 56. Ra7+ Kf8 57. Kf6 Ke8 58. Rh7 Kd8 59. Ke6 Ke8
60. Rh8# 1-0

[Event "Challenge"]
[Site "http://www.queenalice.com/game.php?id=637702"]
[Date "2009.8.16"]
[Round "-"]
[White "OnlyJoking"]
[Black "Bacabal"]
[Result "0-1"]
[WhiteElo "1738"]
[BlackElo "1861"]

1. e4 e5 2. Nf3 d6 3. d4 exd4 4. Nxd4 Be7 5. Nc3 Nf6 6. Bc4 a6 7. Be3 b5 8. Bb3
Bb7 9. f3 c5 10. Bxf7+ Kxf7 11. Nf5 Rf8 12. Qd2 b4 13. Ne2 Nbd7 14. h4 g6 15.
Nfg3 Ne5 16. h5 Nc4 17. Qc1 d5 18. hxg6+ hxg6 19. Kf2 dxe4 20. Nf4 Nxe3 21. Qxe3
exf3 22. gxf3 Bc8 23. Qb3+ Kg7 24. Rag1 Qd2+ 25. Nge2 Ne4+ 0-1

[Event "Challenge"]
[Site "http://www.queenalice.com/game.php?id=638861"]
[Date "2009.8.19"]
[Round "-"]
[White "Bacabal"]
[Black "Pimenta"]
[Result "1-0"]
[WhiteElo "1872"]
[BlackElo "1779"]

1. e4 Nf6 2. e5 Nd5 3. Bc4 Nb6 4. Be2 e6 5. d4 d6 6. Nf3 Nc6 7. Bf4 Be7 8. Qd2
O-O 9. Bg5 f6 10. exf6 Bxf6 11. Nc3 Bxg5 12. Nxg5 Qf6 13. Nce4 Qf5 14. f3 d5 15.
Nc5 h6 16. Nh3 Nd7 17. Bd3 Qf6 18. c3 e5 19. Nb3 exd4 20. O-O-O dxc3 21. bxc3
Nde5 22. Bb1 Nc4 23. Qd3 Bf5 24. Qxd5+ Be6 25. Qd3 Bf5 26. Qxc4+ Be6 27. Qd3
Rad8 28. Qc2 Bf5 29. Qb2 Bxh3 30. gxh3 Qxf3 31. Qc2 Qe3+ 32. Nd2 Ne5 33. Qh7+
Kf7 34. Rhf1+ Ke7 35. Qxg7+ Rf7 36. Rxf7+ Nxf7 37. Bg6 Rf8 38. Rf1 1-0

[Event "Challenge"]
[Site "http://www.queenalice.com/game.php?id=646573"]
[Date "2009.9.3"]
[Round "-"]
[White "Bacabal"]
[Black "Losme"]
[Result "1-0"]
[WhiteElo "1872"]
[BlackElo "1546"]

1. e4 e5 2. Bc4 Nf6 3. Qf3 c6 4. Nh3 h6 5. d4 d6 6. dxe5 dxe5 7. Nc3 Bb4 8. Bd2
O-O 9. O-O-O b5 10. Bxh6 Nbd7 11. Qg3 Nh5 12. Qf3 Qf6 13. Qxf6 Ndxf6 14. Bd2
bxc4 15. a3 Bxc3 16. Bxc3 Bxh3 17. gxh3 Nxe4 18. Be1 c5 19. f3 Ng5 20. f4 exf4
21. Rg1 Nxh3 22. Rg4 g5 23. b3 cxb3 24. cxb3 Rac8 25. Rd3 Rfe8 26. Rxh3 f6 27.
Bc3 Kf7 28. Rxh5 Kg6 29. Rh3 Rcd8 30. Rg2 Re3 31. Rxe3 fxe3 32. Rg3 Re8 33. Kd1
Re4 34. Ke2 Kf5 35. Rf3+ Ke6 36. Rxf6+ Ke7 37. Rg6 Rg4 38. Kxe3 Kf7 39. Rg7+ Ke6
40. Rxa7 Kd5 41. Ra5 Rg2 42. Bb4 g4 43. Rxc5+ Kd6 44. Rc2+ 1-0

[Event "Challenge"]
[Site "http://www.queenalice.com/game.php?id=647953"]
[Date "2009.9.5"]
[Round "-"]
[White "blikinn"]
[Black "Bacabal"]
[Result "1-0"]
[WhiteElo "1929"]
[BlackElo "1876"]

1. d4 d5 2. c4 Nf6 3. e3 Bd7 4. Qb3 e6 5. Qxb7 Nc6 6. c5 Be7 7. a3 Rb8 8. Qa6
Ne4 9. Bd3 Bc8 10. Qxc6+ Bd7 11. Qa6 O-O 12. Ne2 Bg5 13. Nbc3 Qf6 14. Nxe4 dxe4
15. Bc4 Bh4 16. O-O e5 17. Qxf6 Bxf6 18. d5 Be7 19. b4 Bf6 20. Ng3 Bh4 21. Nxe4
Kh8 22. c6 Bf5 23. Nc5 Rfe8 24. e4 Bc8 25. f4 Be7 26. fxe5 a5 27. Rxf7 axb4 28.
Nd7 Ra8 29. a4 b3 30. Bb5 Bb4 31. Bb2 Bxd7 32. Rxd7 Ba5 33. Rf1 Rf8 34. Rf5 Rxf5
35. exf5 h5 36. e6 Bb6+ 37. Kh1 Kh7 38. Bxg7 Kg8 39. e7 Kf7 40. Bb2 Ke8 41. f6
1-0

[Event "Challenge"]
[Site "http://www.queenalice.com/game.php?id=658347"]
[Date "2009.9.26"]
[Round "-"]
[White "Leof"]
[Black "Bacabal"]
[Result "0-1"]
[WhiteElo "1592"]
[BlackElo "1882"]

1. d3 d5 2. Nc3 d4 3. Na4 e5 4. e4 Bd7 5. b3 Na6 6. Ne2 h6 7. f4 Bd6 8. f5 Nb4
9. c3 dxc3 10. Nexc3 Qh4+ 11. g3 Qf6 12. a3 Nc6 13. Nb5 O-O-O 14. Be3 Kb8 15. b4
a6 16. Nbc3 Nge7 17. b5 axb5 18. Nxb5 Nd4 19. Bxd4 exd4 20. Rc1 Bxb5 21. Nb2 g6
22. Qc2 gxf5 23. a4 Ba6 24. Bg2 fxe4 25. Rf1 Qe6 26. Bxe4 f5 27. Kd2 fxe4 28.
dxe4 Bxf1 29. Rxf1 Bb4+ 30. Kc1 Bc3 31. Nd1 h5 32. Nxc3 dxc3 33. Qxc3 Rhf8 34.
Re1 Rd6 35. Qe3 Rc6+ 36. Kb1 Rb6+ 37. Kc1 Qc6+ 38. Kd2 Rb2+ 39. Kd1 Rd8+ 40. Qd2
Rdxd2# 0-1

[Event "Challenge"]
[Site "http://www.queenalice.com/game.php?id=659192"]
[Date "2009.9.27"]
[Round "-"]
[White "Greeley"]
[Black "Bacabal"]
[Result "1-0"]
[WhiteElo "1968"]
[BlackElo "1891"]

1. b4 d6 2. Bb2 e5 3. c4 Nf6 4. Nc3 Nc6 5. b5 Nd4 6. e3 Nf5 7. Bd3 Be7 8. Nf3 h6
9. Qc2 g6 10. O-O Bd7 11. Be2 g5 12. e4 Nh4 13. d4 Nxf3+ 14. Bxf3 g4 15. Be2
exd4 16. Nd5 Nxd5 17. exd5 Bf6 18. Rad1 Qe7 19. Rfe1 O-O-O 20. Bxg4 Qf8 21.
Bxd7+ Rxd7 22. Qa4 Kb8 23. b6 Kc8 24. Qxa7 cxb6 25. Qxb6 Qd8 26. Qa7 Qc7 27.
Bxd4 Bxd4 28. Rxd4 Rg8 29. Rg4 Rf8 30. Rge4 Qd8 31. Re8 1-0

[Event "Challenge"]
[Site "http://www.queenalice.com/game.php?id=677652"]
[Date "2009.11.4"]
[Round "-"]
[White "Losme"]
[Black "Bacabal"]
[Result "1-0"]
[WhiteElo "1579"]
[BlackElo "1829"]

1. e4 e5 2. Nf3 d6 3. d4 f6 4. Bc4 Bg4 5. O-O Nd7 6. c3 Qe7 7. Qb3 Bxf3 8. gxf3
Nh6 9. Qxb7 Qd8 10. dxe5 Nxe5 11. Bb5+ c6 12. Bxc6+ Nxc6 13. Qxc6+ Ke7 14. Qb7+
Ke8 15. Qc6+ Ke7 16. Qb7+ Ke8 17. Qc6+ Kf7 18. Qd5+ Ke7 19. Qb7+ Ke8 20. Qc6+
Kf7 21. Qd5+ Kg6 22. Kh1 f5 23. Rg1+ Ng4 24. exf5+ Kf6 25. fxg4 Rc8 26. g5+ Ke7
27. Qe6# 1-0

[Event "Challenge"]
[Site "http://www.queenalice.com/game.php?id=681848"]
[Date "2009.11.12"]
[Round "-"]
[White "thomas01"]
[Black "Bacabal"]
[Result "0-1"]
[WhiteElo "1655"]
[BlackElo "1818"]

1. e4 e5 2. Nf3 f6 3. d4 d6 4. Be2 Nh6 5. O-O Bd7 6. Bc4 Bg4 7. Bxh6 gxh6 8. Qd3
Nd7 9. Nc3 Nb6 10. Nb5 a6 11. Qb3 Nxc4 12. Qxc4 axb5 13. Qd5 Bxf3 14. Qe6+ Qe7
15. Qxe7+ Bxe7 16. gxf3 O-O-O 17. c3 b6 18. b4 Rdf8 19. a4 bxa4 20. Rxa4 exd4
21. cxd4 Kb7 22. Rfa1 Kc6 23. Rc1+ Kd7 24. b5 Rc8 25. f4 Rhf8 26. e5 fxe5 27.
fxe5 dxe5 28. dxe5 Ke6 29. Re4 Bc5 30. Rxc5 bxc5 31. f4 Rb8 32. Re3 Rxf4 33. Kg2
h5 34. Kg3 Rg4+ 35. Kf3 Rxb5 36. h3 Rg5 37. Kf4 Rf5+ 38. Kg3 c4 0-1

[Event "Challenge"]
[Site "http://www.queenalice.com/game.php?id=682219"]
[Date "2009.11.13"]
[Round "-"]
[White "Bacabal"]
[Black "eder"]
[Result "0-1"]
[WhiteElo "1858"]
[BlackElo "1460"]

1. e4 e6 2. e5 d5 3. d4 c5 4. c3 Nc6 5. Nf3 cxd4 6. Nxd4 Nxe5 7. Nf3 Nxf3+ 8.
Qxf3 Nf6 9. Bd3 Bc5 10. O-O O-O 11. b4 Bb6 12. Bg5 e5 13. Bxf6 Qxf6 14. Qxd5 Rd8
15. Qe4 g6 16. Qe2 Qg5 17. Kh1 Bf5 18. Bxf5 Qxf5 19. Na3 Rd3 20. Nc4 Rxc3 21.
Nd6 Qf6 22. Ne4 Qc6 23. Nxc3 Qxc3 24. a3 Rc8 25. h3 Qd4 26. Rad1 Qf4 27. Qg4
Qxg4 28. hxg4 Bd4 29. Rc1 Rxc1 30. Rxc1 Bxf2 31. b5 a6 32. Rc8+ Kg7 33. bxa6
bxa6 34. Ra8 e4 35. Re8 f5 36. gxf5 gxf5 37. g4 Kf6 38. gxf5 Kxf5 39. Rf8+ Kg4
40. Rxf2 e3 41. Re2 Kf3 42. Re1 Kf2 43. Rg1 e2 44. Rg2+ Ke3 45. Rg3+ Kd2 46. Rg2
Kd1 0-1

[Event "Challenge"]
[Site "http://www.queenalice.com/game.php?id=686646"]
[Date "2009.11.21"]
[Round "-"]
[White "AloizioAndrade"]
[Black "Bacabal"]
[Result "1-0"]
[WhiteElo "1732"]
[BlackElo "1800"]

1. e4 e5 2. Nf3 d6 3. Bc4 h6 4. Nc3 Nf6 5. d3 a6 6. h3 c6 7. d4 b5 8. Bb3 b4 9.
Na4 Be7 10. dxe5 Nxe4 11. exd6 Bxd6 12. Qe2 O-O 13. O-O Re8 14. Qc4 Re7 15. Nd4
Be6 16. Nxe6 Rxe6 17. Re1 Qf6 18. Rxe4 Rxe4 19. Qxe4 Be5 20. Qxb4 Nd7 21. c3 Rd8
22. Be3 Bd6 23. Qb7 Ne5 24. Bd4 Qf4 25. Bxe5 Bxe5 26. g3 Qf5 27. Re1 Rd2 28. Qb6
Qxh3 29. Rxe5 h5 30. Qe3 Rd1+ 31. Bxd1 1-0